<?xml version="1.0" encoding="UTF-8"?>
<record
    xmlns:xsi="http://www.w3.org/2001/XMLSchema-instance"
    xsi:schemaLocation="http://www.loc.gov/MARC21/slim http://www.loc.gov/standards/marcxml/schema/MARC21slim.xsd"
    xmlns="http://www.loc.gov/MARC21/slim">

  <leader>01655nam0a22003491  4500</leader>
  <controlfield tag="001">rc\119677</controlfield>
  <controlfield tag="005">20260407063529.0</controlfield>
  <datafield tag="010" ind1=" " ind2=" ">
    <subfield code="a">5-87917-001-2</subfield>
    <subfield code="9">30000</subfield>
  </datafield>
  <datafield tag="035" ind1=" " ind2=" ">
    <subfield code="a">(NLR Aleph) 005377480</subfield>
  </datafield>
  <datafield tag="090" ind1=" " ind2=" ">
    <subfield code="a">7065118</subfield>
    <subfield code="c">7065118</subfield>
  </datafield>
  <datafield tag="100" ind1=" " ind2=" ">
    <subfield code="a">20021216d1994    |||y0rusy50      ca</subfield>
  </datafield>
  <datafield tag="101" ind1="0" ind2=" ">
    <subfield code="a">rus</subfield>
  </datafield>
  <datafield tag="102" ind1=" " ind2=" ">
    <subfield code="a">RU</subfield>
  </datafield>
  <datafield tag="105" ind1=" " ind2=" ">
    <subfield code="a">a   |||||||||</subfield>
  </datafield>
  <datafield tag="200" ind1="1" ind2=" ">
    <subfield code="a">&#x412;&#x430;&#x43B;&#x435;&#x43D;&#x442;&#x438;&#x43D; &#x41F;&#x43E;&#x43D;&#x442;&#x438;&#x444;&#x435;&#x43A;&#x441;</subfield>
    <subfield code="e">[&#x420;&#x43E;&#x43C;&#x430;&#x43D;, &#x440;&#x430;&#x441;&#x441;&#x43A;&#x430;&#x437;&#x44B;</subfield>
    <subfield code="e">&#x41F;&#x435;&#x440;&#x435;&#x432;&#x43E;&#x434;]</subfield>
    <subfield code="f">&#x420;. &#x421;&#x438;&#x43B;&#x44C;&#x432;&#x435;&#x440;&#x431;&#x435;&#x440;&#x433;</subfield>
    <subfield code="g">[&#x425;&#x443;&#x434;&#x43E;&#x436;. &#x41A;. &#x41A;&#x43E;&#x43C;&#x430;&#x440;&#x434;&#x438;&#x43D;]</subfield>
  </datafield>
  <datafield tag="210" ind1=" " ind2=" ">
    <subfield code="a">&#x41C;.</subfield>
    <subfield code="c">&#x410;&#x43B;&#x435;&#x43A;&#x441;&#x430;&#x43D;&#x434;&#x440;&#x438;&#x44F;</subfield>
    <subfield code="d">1994</subfield>
  </datafield>
  <datafield tag="215" ind1=" " ind2=" ">
    <subfield code="a">477, [2] &#x441;.</subfield>
    <subfield code="c">&#x438;&#x43B;.</subfield>
    <subfield code="d">22</subfield>
  </datafield>
  <datafield tag="225" ind1="1" ind2=" ">
    <subfield code="a">&#x418;&#x43D;&#x43E;&#x437;&#x435;&#x43C;&#x44C;&#x435;</subfield>
  </datafield>
  <datafield tag="327" ind1="1" ind2=" ">
    <subfield code="a">&#x421;&#x43E;&#x434;&#x435;&#x440;&#x436;.: &#x412;&#x430;&#x43B;&#x435;&#x43D;&#x442;&#x438;&#x43D; &#x41F;&#x43E;&#x43D;&#x442;&#x438;&#x444;&#x435;&#x43A;&#x441;: &#x420;&#x43E;&#x43C;&#x430;&#x43D;: 3-&#x44F; &#x43A;&#x43D;. &#x441;&#x435;&#x440;&#x438;&#x430;&#x43B;&#x430; "&#x41C;&#x430;&#x434;&#x436;&#x438;&#x43F;&#x443;&#x440;"; &#x420;&#x430;&#x441;&#x441;&#x43A;&#x430;&#x437;&#x44B;: &#x421;&#x435;&#x437;&#x43E;&#x43D; &#x43C;&#x443;&#x442;&#x430;&#x43D;&#x442;&#x43E;&#x432;; &#x416;&#x435;&#x43B;&#x435;&#x437;&#x43D;&#x44B;&#x439; &#x43A;&#x430;&#x43D;&#x446;&#x43B;&#x435;&#x440;; &#x412;&#x43E;&#x442; &#x441;&#x43E;&#x43A;&#x440;&#x43E;&#x432;&#x438;&#x449;&#x435;...; &#x41F;&#x430;&#x43F;&#x430; &#x438; &#x448;&#x438;&#x43C;&#x43F;&#x430;&#x43D;&#x437;&#x435;; &#x41C;&#x435;&#x436; &#x434;&#x432;&#x443;&#x445; &#x43C;&#x438;&#x440;&#x43E;&#x432;</subfield>
  </datafield>
  <datafield tag="464" ind1=" " ind2="0">
    <subfield code="1">2001#$a&#x412;&#x430;&#x43B;&#x435;&#x43D;&#x442;&#x438;&#x43D; &#x41F;&#x43E;&#x43D;&#x442;&#x438;&#x444;&#x435;&#x43A;&#x441;</subfield>
    <subfield code="t">&#x412;&#x430;&#x43B;&#x435;&#x43D;&#x442;&#x438;&#x43D; &#x41F;&#x43E;&#x43D;&#x442;&#x438;&#x444;&#x435;&#x43A;&#x441;</subfield>
  </datafield>
  <datafield tag="464" ind1=" " ind2="0">
    <subfield code="1">2001#$a&#x421;&#x435;&#x437;&#x43E;&#x43D; &#x43C;&#x443;&#x442;&#x430;&#x43D;&#x442;&#x43E;&#x432;</subfield>
    <subfield code="t">&#x421;&#x435;&#x437;&#x43E;&#x43D; &#x43C;&#x443;&#x442;&#x430;&#x43D;&#x442;&#x43E;&#x432;</subfield>
  </datafield>
  <datafield tag="464" ind1=" " ind2="0">
    <subfield code="1">2001#$a&#x416;&#x435;&#x43B;&#x435;&#x437;&#x43D;&#x44B;&#x439; &#x43A;&#x430;&#x43D;&#x446;&#x43B;&#x435;&#x440;</subfield>
    <subfield code="t">&#x416;&#x435;&#x43B;&#x435;&#x437;&#x43D;&#x44B;&#x439; &#x43A;&#x430;&#x43D;&#x446;&#x43B;&#x435;&#x440;</subfield>
  </datafield>
  <datafield tag="464" ind1=" " ind2="0">
    <subfield code="1">2001#$a&#x412;&#x43E;&#x442; &#x441;&#x43E;&#x43A;&#x440;&#x43E;&#x432;&#x438;&#x449;&#x435;...</subfield>
    <subfield code="t">&#x412;&#x43E;&#x442; &#x441;&#x43E;&#x43A;&#x440;&#x43E;&#x432;&#x438;&#x449;&#x435;...</subfield>
  </datafield>
  <datafield tag="464" ind1=" " ind2="0">
    <subfield code="1">2001#$a&#x41F;&#x430;&#x43F;&#x430; &#x438; &#x448;&#x438;&#x43C;&#x43F;&#x430;&#x43D;&#x437;&#x435;</subfield>
    <subfield code="t">&#x41F;&#x430;&#x43F;&#x430; &#x438; &#x448;&#x438;&#x43C;&#x43F;&#x430;&#x43D;&#x437;&#x435;</subfield>
  </datafield>
  <datafield tag="464" ind1=" " ind2="0">
    <subfield code="1">2001#$a&#x41C;&#x435;&#x436; &#x434;&#x432;&#x443;&#x445; &#x43C;&#x438;&#x440;&#x43E;&#x432;</subfield>
    <subfield code="t">&#x41C;&#x435;&#x436; &#x434;&#x432;&#x443;&#x445; &#x43C;&#x438;&#x440;&#x43E;&#x432;</subfield>
  </datafield>
  <datafield tag="700" ind1=" " ind2="1">
    <subfield code="7">ca</subfield>
    <subfield code="8">rus</subfield>
    <subfield code="a">&#x421;&#x438;&#x43B;&#x432;&#x435;&#x440;&#x431;&#x435;&#x440;&#x433;</subfield>
    <subfield code="b">&#x420;.</subfield>
    <subfield code="f">1935-</subfield>
    <subfield code="g">&#x420;&#x43E;&#x431;&#x435;&#x440;&#x442;</subfield>
    <subfield code="3">RU\NLR\AUTH\7713619</subfield>
    <subfield code="9">123305</subfield>
  </datafield>
  <datafield tag="801" ind1=" " ind2="0">
    <subfield code="a">RU</subfield>
    <subfield code="b">NLR</subfield>
    <subfield code="g">psbo</subfield>
  </datafield>
  <datafield tag="801" ind1=" " ind2="1">
    <subfield code="a">RU</subfield>
    <subfield code="b">ELAR</subfield>
    <subfield code="2">rusmarc</subfield>
  </datafield>
  <datafield tag="852" ind1=" " ind2=" ">
    <subfield code="a">NLR</subfield>
    <subfield code="j">94-3/4993</subfield>
  </datafield>
  <datafield tag="942" ind1=" " ind2=" ">
    <subfield code="c">BOOK</subfield>
  </datafield>
  <datafield tag="980" ind1=" " ind2=" ">
    <subfield code="a">NB</subfield>
  </datafield>
  <datafield tag="995" ind1=" " ind2=" ">
    <subfield code="5">2013-10-26</subfield>
    <subfield code="b">NLR01</subfield>
    <subfield code="c">NLR01</subfield>
    <subfield code="e">RF8</subfield>
    <subfield code="f">5377480-10</subfield>
    <subfield code="k">94-3/4993</subfield>
    <subfield code="o">0</subfield>
    <subfield code="r">BOOK</subfield>
    <subfield code="s">9434993_</subfield>
  </datafield>
</record>
